书目信息 |
| 题名: |
柑橘病虫害防治原色生态图谱
|
|
| 作者: | 夏声广 , 唐启义 主编 | |
| 分册: | ||
| 出版信息: | 北京 农业出版社 2006.06 |
|
| 页数: | 134页 | |
| 开本: | 21cm | |
| 丛书名: | ||
| 单 册: | ||
| 中图分类: | S436.66-64 | |
| 科图分类: | ||
| 主题词: | 柑桔类果树--gan ju lei guo shu--病虫害防治--图谱 , 柑桔类果树--gan ju lei guo shu , 病虫害防治--bing chong hai fang zhi | |
| 电子资源: | ||
| ISBN: | 978-7-109-10856-1 | |
| 000 | 01021nam0 2200277 450 | |
| 001 | 0106081832 | |
| 005 | 20201106082045.0 | |
| 010 | @a978-7-109-10856-1@dCNY22.00 | |
| 100 | @a20060104e20202006em y0chiy50 ea | |
| 101 | 0 | @achi |
| 102 | @aCN@b110000 | |
| 105 | @aa z 000yy | |
| 106 | @ar | |
| 200 | 1 | @a柑橘病虫害防治原色生态图谱@Agan ju bing chong hai fang zhi yuan se sheng tai tu pu@f夏声广, 唐启义主编 |
| 210 | @a北京@c农业出版社@d2006.06@h2020.04 | |
| 215 | @a134页@d21cm | |
| 300 | @a国家“863”计划项目“2002AA243041”资助 | |
| 330 | @a全书共提供108种柑橘主要病虫害的诊断与防治技术,380多幅高清晰生态原色照片,再现了柑橘病虫害不同的形态和症状。 | |
| 606 | 0 | @a柑桔类果树@Agan ju lei guo shu@x病虫害防治@j图谱 |
| 606 | 0 | @a柑桔类果树@Agan ju lei guo shu |
| 606 | 0 | @a病虫害防治@Abing chong hai fang zhi |
| 690 | @aS436.66-64@v5 | |
| 701 | 0 | @a夏声广@Axia sheng guang@4主编 |
| 701 | 0 | @a唐启义@Atang qi yi@4主编@c(农业) |
| 801 | 0 | @aCN@bBJSZM@c20201106 |
| 905 | @b1192648-51@dS436.66-64@e185@f4 | |
| 柑橘病虫害防治原色生态图谱/夏声广, 唐启义主编.-北京:农业出版社,2006.06(2020.04) |
| 134页;21cm |
| 国家“863”计划项目“2002AA243041”资助 |
| ISBN 978-7-109-10856-1:CNY22.00 |
| 全书共提供108种柑橘主要病虫害的诊断与防治技术,380多幅高清晰生态原色照片,再现了柑橘病虫害不同的形态和症状。 |
| ● |
| 相关链接 |
|
|
|
|
正题名:柑橘病虫害防治原色生态图谱
索取号:S436.66-64/185
 
预约/预借
| 序号 | 登录号 | 条形码 | 馆藏地/架位号 | 状态 | 备注 |
| 1 | 1192648 | 211926488 | 第二样本阅览室/ [索取号:S436.66-64/185] | 在馆 | |
| 2 | 1192649 | 211926497 | 第三借阅区/ [索取号:S436.66-64/185] | 在馆 | |
| 3 | 1192650 | 211926503 | 第三借阅区/ [索取号:S436.66-64/185] | 在馆 | |
| 4 | 1192651 | 211926512 | 第三借阅区/ [索取号:S436.66-64/185] | 在馆 |